00681nam a2200241Ia 4500003000900000008004100009040001300050040001300063041000800076100002400084100000900108245003800117250001000155260001800165260000900183300001100192300001000203490001400213490000700227942000700234999001700241952018100258IT-RoPAU120407s9999 xx 000 0 und d aIT-RoPAU cIT-RoPAU aita aNatalino Spaccapelo ccur. aReligione e Psicoanalisi. AA. VV. aRoma  aCittà Nuova c1986 a205 p. c20 cm aRicderche v20 cBK c28523d28523 00102ddc406151_31000000000000071aPAULUSbPAULUSd2012-04-11l0o151.31r2012-04-11 00:00:00w2012-04-11yBKzInserito da: In data: n.d. fondo: Via A.Severo 56 Progr:30848